[Event "Schachfestival Senioren"]
[Site "Bad Woerishofen"]
[Date "2011.03.28"]
[Round "6.33"]
[White "Mahrla, Hans"]
[Black "Thieme, Wolfgang"]
[Result "1-0"]
[WhiteElo "1818"]
[BlackElo "1963"]
[PlyCount "57"]
[EventDate "2011.??.??"]

1. e4 c5 2. f4 Nc6 3. Nf3 d6 4. c3 d5 5. e5 d4 6. d3 e6 7. Nbd2 Nge7 8. Ne4 Nf5
9. Be2 b6 10. O-O Bb7 11. Qe1 Be7 12. Ng3 g6 13. Nxf5 gxf5 14. Bd2 Rg8 15. Qf2
Qd7 16. Ne1 Nxe5 17. fxe5 O-O-O 18. Bf3 Rg6 19. Bxb7+ Kxb7 20. cxd4 cxd4 21.
Qf3+ Kb8 22. a3 f6 23. Bf4 fxe5 24. Bxe5+ Bd6 25. Bxd6+ Qxd6 26. Qf4 e5 27.
Qxf5 Rdg8 28. Rf2 Qd5 29. Rc1 1-0

[Event "Schachfestival Senioren"]
[Site "Bad Woerishofen"]
[Date "2011.03.28"]
[Round "6.57"]
[White "Floeren, Ernst"]
[Black "Kuhnert, Werner"]
[Result "1-0"]
[WhiteElo "1754"]
[BlackElo "1554"]
[PlyCount "77"]
[EventDate "2011.??.??"]

1. e4 e5 2. Nf3 Nc6 3. Bc4 Nf6 4. Ng5 d5 5. exd5 Nxd5 6. Nxf7 Kxf7 7. Qf3+ Ke7
8. Bxd5 Be6 9. Bxc6 bxc6 10. d3 h6 11. Nc3 Bd5 12. Qg3 Qd6 13. O-O Kd7 14. Re1
Re8 15. Be3 a6 16. a3 Qf6 17. Ne4 Qf5 18. Bc5 Qf4 19. Bxf8 Qxg3 20. Nc5+ Kc8
21. hxg3 Rhxf8 22. Nxa6 Bg8 23. Nc5 Bd5 24. Re3 Re7 25. Rae1 Rfe8 26. c4 Bg8
27. f4 Bf7 28. Rxe5 Rxe5 29. Rxe5 Rd8 30. Kf2 Bg6 31. Ke3 Re8 32. Rxe8+ Bxe8
33. g4 Bf7 34. g3 Kd8 35. f5 Ke7 36. a4 Kd6 37. b4 Ke7 38. a5 Kd8 39. Ne6+ 1-0

[Event "Schachfestival Senioren"]
[Site "Bad Woerishofen"]
[Date "2011.03.28"]
[Round "6.63"]
[White "Jurgan, Brigitte"]
[Black "Wolf, Margot"]
[Result "1/2-1/2"]
[WhiteElo "1518"]
[BlackElo "1549"]
[PlyCount "31"]
[EventDate "2011.??.??"]

1. d4 d5 2. Nf3 Nf6 3. c3 c6 4. g3 Bf5 5. Bg2 h5 6. Nbd2 e6 7. Nb3 Nbd7 8. Bf4
Be7 9. Ne5 O-O 10. Nxd7 Qxd7 11. O-O Bd6 12. Bxd6 Qxd6 13. Nd2 Qc7 14. Re1 Rfe8
15. f3 Bh7 16. f4 1/2-1/2

[Event "Schachfestival Nestoren"]
[Site "Bad Woerishofen"]
[Date "2011.03.28"]
[Round "6.1"]
[White "Bräu, Ludwig"]
[Black "Lainburg, Viktor"]
[Result "1-0"]
[WhiteElo "2005"]
[BlackElo "2190"]
[PlyCount "77"]
[EventDate "2011.??.??"]

1. c4 e5 2. g3 d5 3. Bg2 dxc4 4. Qa4+ Bd7 5. Qxc4 Bc6 6. Nf3 Nd7 7. d3 Be7 8.
O-O Nb6 9. Qc2 Bd6 10. Nbd2 Nf6 11. a3 a5 12. Ng5 Bxg2 13. Kxg2 O-O 14. Nc4
Nxc4 15. dxc4 Qe7 16. Ne4 Nxe4 17. Qxe4 c6 18. Bd2 f5 19. Qc2 e4 20. Rad1 f4
21. f3 e3 22. Bc3 fxg3 23. h3 a4 24. Rd4 Rf4 25. Rfd1 Rxd4 26. Rxd4 Bc5 27. Rg4
g6 28. h4 Kf7 29. h5 Qe6 30. Rf4+ Kg8 31. hxg6 Qxg6 32. Rg4 Qxg4 33. fxg4 Rf8
34. Qe4 Rf2+ 35. Kxg3 Bd6+ 36. Be5 Bxe5+ 37. Qxe5 Rxe2 38. Kf3 Re1 39. Qc3 1-0

[Event "Schachfestival Nestoren"]
[Site "Bad Woerishofen"]
[Date "2011.03.28"]
[Round "6.3"]
[White "Grönegress, Wilfried"]
[Black "Hund, Gerhard"]
[Result "1/2-1/2"]
[WhiteElo "2150"]
[BlackElo "2109"]
[PlyCount "38"]
[EventDate "2011.??.??"]

1. b3 d6 2. Bb2 Nd7 3. d4 Ngf6 4. Nd2 d5 5. Ngf3 e6 6. e3 Be7 7. Bd3 O-O 8. O-O
b6 9. e4 dxe4 10. Nxe4 Bb7 11. Nxf6+ Nxf6 12. c4 Be4 13. Re1 Bxd3 14. Qxd3 h6
15. Rad1 c6 16. Ne5 Qc7 17. Qf3 Rac8 18. Bc1 Nd7 19. Bf4 Nxe5 1/2-1/2

[Event "Schachfestival Open"]
[Site "Bad Woerishofen"]
[Date "2011.03.29"]
[Round "7.1"]
[White "Zubarev, Alexander"]
[Black "Mainka, Romuald"]
[Result "1-0"]
[WhiteElo "2594"]
[BlackElo "2493"]
[PlyCount "53"]
[EventDate "2011.??.??"]

1. e4 c5 2. Nf3 e6 3. d4 cxd4 4. Nxd4 a6 5. Bd3 Ne7 6. Be3 Nbc6 7. Nd2 d5 8.
Nxc6 Nxc6 9. exd5 Nb4 10. O-O Nxd5 11. Bd4 Nb4 12. Nf3 Nxd3 13. Qxd3 f6 14.
Rad1 Qc7 15. Rfe1 Kf7 16. Qb3 b5 17. Ng5+ Kg8 18. Nxe6 Qf7 19. Nxf8 Qxb3 20.
cxb3 Kxf8 21. Bxf6 Kf7 22. Bc3 Ra7 23. Rd3 h6 24. Rg3 Rg8 25. h4 Rd7 26. h5 Rd5
27. Be5 1-0

[Event "Schachfestival Open"]
[Site "Bad Woerishofen"]
[Date "2011.03.29"]
[Round "7.2"]
[White "Szablowski, Pawel"]
[Black "Tiviakov, Sergei"]
[Result "0-1"]
[WhiteElo "2404"]
[BlackElo "2624"]
[PlyCount "72"]
[EventDate "2011.??.??"]

1. e4 d5 2. exd5 Qxd5 3. Nc3 Qd6 4. d4 Nf6 5. Nge2 c6 6. Bf4 Qb4 7. a3 Qxb2 8.
Bc7 Nd5 9. Nxd5 cxd5 10. Rb1 Qxa3 11. Rb3 Qa6 12. Nf4 Qh6 13. Nxd5 Qe6+ 14. Ne3
a6 15. Qa1 Qd7 16. Bg3 e5 17. d5 f6 18. Bb5 axb5 19. Qxa8 Na6 20. O-O Bc5 21.
Rc3 O-O 22. Rxc5 Nxc5 23. Qa5 Re8 24. Nc4 Qxd5 25. Nb6 Qc6 26. Nxc8 Rxc8 27.
Rb1 Ne4 28. Qxb5 Qxb5 29. Rxb5 Rxc2 30. h3 Rc1+ 31. Kh2 Nd2 32. h4 Rb1 33. Rd5
Nf1+ 34. Kh3 h5 35. f3 Ne3 36. Rd8+ Kh7 0-1

[Event "Schachfestival Open"]
[Site "Bad Woerishofen"]
[Date "2011.03.29"]
[Round "7.3"]
[White "Luther, Thomas"]
[Black "Gaponenko, Inna"]
[Result "0-1"]
[WhiteElo "2545"]
[BlackElo "2434"]
[PlyCount "76"]
[EventDate "2011.??.??"]

1. e4 c5 2. Nf3 d6 3. d4 cxd4 4. Nxd4 Nf6 5. Nc3 g6 6. Be2 Bg7 7. O-O O-O 8.
Re1 Nc6 9. Nb3 a6 10. Bf1 b5 11. Nd5 Nd7 12. a4 Rb8 13. axb5 axb5 14. Bg5 h6
15. Be3 Nde5 16. Nd4 b4 17. f4 Nxd4 18. Bxd4 Nc6 19. Bxg7 Kxg7 20. Qd2 e6 21.
Ne3 Qb6 22. Rad1 Rd8 23. Kh1 Qc5 24. Bd3 Bb7 25. Qf2 Ra8 26. Qh4 g5 27. Qg3 Ne7
28. Rf1 Ng6 29. f5 Nh4 30. Rde1 Bc8 31. Qg4 exf5 32. exf5 Re8 33. f6+ Kf8 34.
Qh5 Rxe3 35. Qxh6+ Ke8 36. Qg7 Bb7 37. Bb5+ Kd8 38. Bc6 Bxc6 0-1

[Event "Schachfestival Open"]
[Site "Bad Woerishofen"]
[Date "2011.03.29"]
[Round "7.4"]
[White "Kasparov, Sergey"]
[Black "Gutman, Lev"]
[Result "1-0"]
[WhiteElo "2473"]
[BlackElo "2430"]
[PlyCount "97"]
[EventDate "2011.??.??"]

1. Nf3 Nf6 2. c4 g6 3. b4 Bg7 4. Bb2 O-O 5. e3 Na6 6. a3 c5 7. b5 Nc7 8. Be2 d5
9. cxd5 Ncxd5 10. O-O Bg4 11. h3 Bxf3 12. Bxf3 a6 13. Nc3 Nxc3 14. Bxc3 axb5
15. Qb3 Qd3 16. Rab1 b4 17. axb4 c4 18. Qb2 Rab8 19. b5 Rfd8 20. Rfc1 Rd7 21.
b6 Rc8 22. Qb5 Ne8 23. Bb4 Qf5 24. Qxf5 gxf5 25. d3 c3 26. d4 Nd6 27. Rxc3 Rxc3
28. Bxc3 e5 29. dxe5 Nc4 30. Rb5 Re7 31. g3 Nxe5 32. Bxb7 Rxb7 33. Bxe5 Bxe5
34. Rxe5 Rxb6 35. Rxf5 Kg7 36. Kg2 Ra6 37. g4 Ra4 38. Kg3 Rb4 39. Rd5 Ra4 40.
h4 Ra1 41. f3 Ra4 42. e4 Ra3 43. Rd6 Ra1 44. g5 Rh1 45. Kg4 Rg1+ 46. Kf5 Rh1
47. Rh6 Rh2 48. f4 Ra2 49. e5 1-0

[Event "Schachfestival Open"]
[Site "Bad Woerishofen"]
[Date "2011.03.29"]
[Round "7.6"]
[White "Kveinys, Aloyzas"]
[Black "Dittmar, Peter"]
[Result "1-0"]
[WhiteElo "2506"]
[BlackElo "2309"]
[PlyCount "71"]
[EventDate "2011.??.??"]

1. d4 Nf6 2. c4 e6 3. Nc3 d5 4. cxd5 Nxd5 5. e4 Nxc3 6. bxc3 c5 7. Nf3 cxd4 8.
cxd4 Bb4+ 9. Bd2 Bxd2+ 10. Qxd2 O-O 11. Bc4 b6 12. O-O Bb7 13. Rfe1 Nd7 14.
Rad1 Rc8 15. Bd3 Qf6 16. e5 Qe7 17. Ng5 h6 18. Ne4 Bxe4 19. Bxe4 Rfd8 20. Qe3
b5 21. Qb3 b4 22. d5 exd5 23. Bf5 Rb8 24. Rxd5 Nc5 25. Rxd8+ Qxd8 26. Qc4 Qe7
27. Rc1 Ne6 28. h4 Rb6 29. Qe4 Qb7 30. Qxb7 Rxb7 31. Rc8+ Nf8 32. h5 Rb6 33.
Re8 a5 34. Ra8 g6 35. hxg6 fxg6 36. e6 1-0

[Event "Schachfestival Open"]
[Site "Bad Woerishofen"]
[Date "2011.03.29"]
[Round "7.8"]
[White "Kilgus, Georg"]
[Black "Meijers, Viesturs"]
[Result "1/2-1/2"]
[WhiteElo "2375"]
[BlackElo "2493"]
[PlyCount "72"]
[EventDate "2011.??.??"]

1. c4 e6 2. g3 Nf6 3. Bg2 d5 4. Nf3 dxc4 5. Na3 Qd5 6. Qa4+ Bd7 7. Qxc4 Bxa3 8.
Qxd5 Nxd5 9. bxa3 Nc6 10. Bb2 f6 11. Rc1 O-O-O 12. d3 Nb6 13. Nd2 e5 14. Nb3
Na4 15. Ba1 Rhe8 16. Rf1 Re7 17. f4 exf4 18. Rxf4 Nb6 19. Nc5 Be8 20. Re4 Rxe4
21. Bxe4 Bd7 22. Nxd7 Nxd7 23. Bxc6 bxc6 24. Rxc6 Re8 25. Kd2 Kb7 26. Rc4 c5
27. g4 h6 28. h4 Kb6 29. g5 hxg5 30. hxg5 Kb5 31. a4+ Kc6 32. Rh4 Kd6 33. gxf6
gxf6 34. Bb2 Rb8 35. Ba3 Rb1 36. Rc4 Rh1 1/2-1/2

[Event "Schachfestival Open"]
[Site "Bad Woerishofen"]
[Date "2011.03.29"]
[Round "7.10"]
[White "Huschenbeth, Niclas"]
[Black "Friedrich, Norbert"]
[Result "1-0"]
[WhiteElo "2465"]
[BlackElo "2316"]
[PlyCount "103"]
[EventDate "2011.??.??"]

1. e4 c5 2. Nf3 e6 3. d4 cxd4 4. Nxd4 a6 5. Bd3 Nf6 6. O-O Qc7 7. Qe2 Bd6 8. h3
Nc6 9. Be3 O-O 10. Nd2 Nxd4 11. Bxd4 e5 12. Be3 Bc5 13. Bg5 Be7 14. Nc4 d6 15.
Ne3 Be6 16. Bxf6 Bxf6 17. Bc4 Rac8 18. Bxe6 fxe6 19. c3 Bg5 20. Ng4 Qc4 21. Qc2
Rc6 22. a4 Rb8 23. g3 b5 24. h4 Bd8 25. Ne3 Qc5 26. Qb3 Kf7 27. Rae1 Rcc8 28.
axb5 Bf6 29. Qa2 Qxb5 30. c4 Qxb2 31. Qxa6 Qb6 32. Qa4 Qc6 33. Qc2 Rb4 34. Qd3
Rcb8 35. Qd1 Rb2 36. Qh5+ Kg8 37. Qg4 Qc8 38. Rd1 Be7 39. h5 h6 40. Qg6 Bf8 41.
Ng4 Kh8 42. c5 Qxc5 43. Qxe6 Qc2 44. Qf5 R2b4 45. Rfe1 Rc4 46. Qg6 Rcb4 47. Rc1
Qd2 48. Ne3 Rb2 49. Qf5 Ra2 50. Rf1 Qd3 51. Rc7 Raa8 52. Ng4 1-0

[Event "Schachfestival Open"]
[Site "Bad Woerishofen"]
[Date "2011.03.29"]
[Round "7.11"]
[White "Müller, Jan-Hendrik"]
[Black "Zaslavsky, Mihail"]
[Result "0-1"]
[WhiteElo "2105"]
[BlackElo "2431"]
[PlyCount "54"]
[EventDate "2011.??.??"]

1. c4 e5 2. g3 Nf6 3. Bg2 d5 4. cxd5 Nxd5 5. Nc3 Nb6 6. Nf3 Nc6 7. O-O Be7 8.
a3 O-O 9. d3 Be6 10. Be3 f5 11. Rc1 Nd5 12. Nxd5 Bxd5 13. Bc5 Kh8 14. Qa4 a6
15. e4 Be6 16. Rfd1 Bxc5 17. Rxc5 Qd6 18. Rcc1 Rad8 19. b4 f4 20. Ng5 fxg3 21.
hxg3 Bg4 22. f3 Qh6 23. Nxh7 Kxh7 24. fxg4 Nd4 25. Bf1 Nf3+ 26. Kf2 Qh2+ 27.
Ke3 Nd4 0-1

[Event "Schachfestival Open"]
[Site "Bad Woerishofen"]
[Date "2011.03.29"]
[Round "7.13"]
[White "Baum, Bernd"]
[Black "Nabaty, Tamir"]
[Result "0-1"]
[WhiteElo "2267"]
[BlackElo "2581"]
[PlyCount "86"]
[EventDate "2011.??.??"]

1. Nf3 c5 2. c4 Nf6 3. Nc3 Nc6 4. g3 g6 5. Bg2 d6 6. O-O Bg7 7. a3 Bd7 8. Rb1
a5 9. d3 h5 10. Bg5 Ng4 11. Nd5 f6 12. Bd2 Nge5 13. b4 axb4 14. axb4 e6 15.
Nxe5 dxe5 16. Ne3 Qc7 17. bxc5 Kf7 18. Nc2 h4 19. e3 f5 20. d4 e4 21. Qe1 Ra2
22. Qc1 g5 23. Rd1 hxg3 24. hxg3 f4 25. exf4 Rxc2 26. Qxc2 Nxd4 27. Qa2 Nf3+
28. Kf1 Bc6 29. Be3 gxf4 30. Bxf4 e5 31. Be3 Qc8 32. Rd6 Bf8 33. Rxc6 bxc6 34.
Qa7+ Be7 35. Rb7 Qe6 36. Qa4 Ra8 37. Qc2 Ra1+ 38. Bc1 Nd4 39. Qc3 Qg4 40. f3
exf3 41. Qxa1 fxg2+ 42. Kxg2 Qe2+ 43. Kh3 Qf1+ 0-1

[Event "Schachfestival Open"]
[Site "Bad Woerishofen"]
[Date "2011.03.29"]
[Round "7.14"]
[White "Zude, Arno"]
[Black "Erenska-Barlo, Hanna"]
[Result "1-0"]
[WhiteElo "2443"]
[BlackElo "2236"]
[PlyCount "65"]
[EventDate "2011.??.??"]

1. e4 e6 2. d4 d5 3. Nc3 dxe4 4. Nxe4 Nd7 5. Nf3 Ngf6 6. Bd3 c5 7. O-O cxd4 8.
Nxd4 a6 9. c3 Be7 10. Qe2 Nxe4 11. Bxe4 Nf6 12. Bc2 O-O 13. Bf4 Bd7 14. Rad1
Qa5 15. Be5 Rfd8 16. Rd3 g6 17. Re1 Be8 18. Rf3 Nd7 19. Bg3 Qb6 20. h4 Bc5 21.
h5 e5 22. hxg6 hxg6 23. Nb3 Bd6 24. Bh4 Rdc8 25. Bg5 Bf8 26. Qe4 Bg7 27. Qh4 a5
28. Nd2 Qxb2 29. Bb3 Rxc3 30. Nc4 Rxc4 31. Qxc4 a4 32. Rxf7 axb3 33. Rxd7+ 1-0

[Event "Schachfestival Open"]
[Site "Bad Woerishofen"]
[Date "2011.03.29"]
[Round "7.15"]
[White "Baumegger, Siegfried"]
[Black "Tscharotschkin, Michael"]
[Result "1-0"]
[WhiteElo "2398"]
[BlackElo "2218"]
[PlyCount "45"]
[EventDate "2011.??.??"]

1. c4 e6 2. Nc3 d5 3. d4 Nf6 4. cxd5 exd5 5. Bg5 Be7 6. e3 O-O 7. Bd3 h6 8. Bh4
b6 9. Nf3 Bb7 10. O-O Nbd7 11. Qc2 c5 12. Rad1 cxd4 13. exd4 Rc8 14. Rfe1 Re8
15. Qb3 a6 16. Bf5 Rc4 17. Bxf6 Nxf6 18. Ne5 g6 19. Bxg6 fxg6 20. Qc2 Bf8 21.
Qxg6+ Bg7 22. Qf7+ Kh7 23. Nxc4 1-0

[Event "Schachfestival Open"]
[Site "Bad Woerishofen"]
[Date "2011.03.29"]
[Round "7.27"]
[White "Günther, Thomas"]
[Black "de Francesco, Klaus"]
[Result "0-1"]
[WhiteElo "2123"]
[BlackElo "2282"]
[PlyCount "74"]
[EventDate "2011.??.??"]

1. d4 e6 2. Nf3 Nf6 3. c4 Bb4+ 4. Nbd2 O-O 5. a3 Bxd2+ 6. Qxd2 b6 7. e3 Bb7 8.
Bd3 Ne4 9. Qc2 f5 10. O-O Qf6 11. b4 d6 12. Bb2 Qg6 13. Ne1 Nd7 14. f3 Ng5 15.
c5 bxc5 16. dxc5 dxc5 17. bxc5 Bc6 18. f4 Ne4 19. Bd4 Rab8 20. Nf3 Rb7 21. Ba6
Rbb8 22. a4 Qe8 23. Bb5 Bxb5 24. axb5 Rxb5 25. Rxa7 Qb8 26. c6 Ndc5 27. Rfa1
Nb3 28. Ra8 Nxd4 29. Nxd4 Qxa8 30. Rxa8 Rxa8 31. g3 Rd5 32. Qb3 Kf7 33. Qb7
Ra1+ 34. Kg2 Ra2+ 35. Kh3 g5 36. fxg5 Nxg5+ 37. Kh4 Rxd4+ 0-1

[Event "Schachfestival Senioren"]
[Site "Bad Woerishofen"]
[Date "2011.03.29"]
[Round "7.8"]
[White "Engbrecht, Helmut"]
[Black "Lutz, Albert"]
[Result "0-1"]
[WhiteElo "1936"]
[BlackElo "2166"]
[PlyCount "44"]
[EventDate "2011.??.??"]

1. e4 g6 2. d4 Bg7 3. Bc4 d6 4. Nc3 e6 5. Nf3 Ne7 6. Bb3 O-O 7. Bf4 d5 8. e5 b6
9. Ne2 c5 10. c3 Ba6 11. Ng3 Nbc6 12. dxc5 bxc5 13. Qd2 Qc7 14. Qe3 Qa5 15.
O-O-O d4 16. cxd4 c4 17. Bc2 Nd5 18. Qd2 Qxa2 19. Ne2 Rab8 20. Bb1 Qa1 21. Be3
Ncb4 22. Ne1 Na2+ 0-1

[Event "Schachfestival Senioren"]
[Site "Bad Woerishofen"]
[Date "2011.03.29"]
[Round "7.26"]
[White "Schuler, Georg"]
[Black "Trefzer, Erhard"]
[Result "0-1"]
[WhiteElo "1913"]
[BlackElo "2092"]
[PlyCount "74"]
[EventDate "2011.??.??"]

1. c4 e5 2. Nc3 Nf6 3. g3 Bb4 4. Qc2 Nc6 5. e3 O-O 6. Bg2 Re8 7. Nge2 Bf8 8.
O-O d6 9. d4 Rb8 10. a3 g6 11. b4 exd4 12. Bxc6 bxc6 13. Nxd4 Bd7 14. Bb2 Bg7
15. Rad1 Qc8 16. Rfe1 Qb7 17. Nde2 Bg4 18. e4 Nd7 19. f4 Qb6+ 20. Kg2 Be6 21.
Na4 Qa6 22. Bxg7 Kxg7 23. c5 dxc5 24. Nxc5 Nxc5 25. Qxc5 Qxa3 26. Rb1 Red8 27.
Qe5+ Kg8 28. Qxc7 Bg4 29. Nd4 Qa2+ 30. Kg1 Rbc8 31. Qe5 Qd2 32. Nb3 Qxb4 33.
Qg5 f5 34. Qf6 fxe4 35. Qa1 Qb6+ 36. Kf1 Bh3+ 37. Ke2 Rd3 0-1

[Event "Schachfestival Senioren"]
[Site "Bad Woerishofen"]
[Date "2011.03.29"]
[Round "7.35"]
[White "Collins, Alan"]
[Black "Kluger, Hans-Peter"]
[Result "0-1"]
[WhiteElo "1849"]
[BlackElo "1944"]
[PlyCount "78"]
[EventDate "2011.??.??"]

1. d4 d5 2. Nf3 Nf6 3. Bf4 c6 4. c3 Bf5 5. e3 e6 6. Ne5 Nbd7 7. Nd2 Qb6 8. Qb3
Be7 9. Be2 O-O 10. Ndf3 Qxb3 11. axb3 c5 12. O-O Bc2 13. Nxd7 Nxd7 14. Nd2 a6
15. Rac1 Bg6 16. dxc5 Nxc5 17. b4 Nd3 18. Bxd3 Bxd3 19. Rfe1 Rfc8 20. Nb3 f6
21. f3 b6 22. Bg3 a5 23. bxa5 bxa5 24. Red1 Bg6 25. Nd4 e5 26. Ne2 Bf7 27. Bf2
a4 28. Ng3 g6 29. e4 Rd8 30. exd5 Rxd5 31. Rxd5 Bxd5 32. c4 Rc8 33. c5 Bc6 34.
Ne4 Rb8 35. Kf1 Rxb2 36. Nc3 f5 37. Ra1 Rc2 38. Nxa4 Bb5+ 39. Ke1 Re2+ 0-1

[Event "Schachfestival Senioren"]
[Site "Bad Woerishofen"]
[Date "2011.03.29"]
[Round "7.38"]
[White "Paulsen, Eckart"]
[Black "Felger, Karl"]
[Result "1-0"]
[WhiteElo "1874"]
[BlackElo "1987"]
[PlyCount "63"]
[EventDate "2011.??.??"]

1. d4 f5 2. g3 Nf6 3. Bg2 d5 4. Nc3 e6 5. Bg5 Nbd7 6. Nf3 a6 7. O-O c5 8. e3 b5
9. Ne5 Qc7 10. Nxd7 Nxd7 11. Bf4 Qc6 12. a3 b4 13. axb4 cxb4 14. Na4 a5 15. Qd2
Ba6 16. Rfc1 Bb5 17. b3 Be7 18. c4 Bxa4 19. cxd5 Qa6 20. Rxa4 Nb6 21. dxe6 O-O
22. Ra2 Rac8 23. Rac2 Rxc2 24. Rxc2 Rc8 25. d5 Bf6 26. Rxc8+ Nxc8 27. d6 Qb6
28. Qd5 Kf8 29. d7 Qd8 30. dxc8=Q Qxc8 31. Bd6+ Be7 32. Qxf5+ 1-0

[Event "Schachfestival Senioren"]
[Site "Bad Woerishofen"]
[Date "2011.03.29"]
[Round "7.53"]
[White "Buss, Richard"]
[Black "Langhoff, Wolfgang"]
[Result "0-1"]
[WhiteElo "1658"]
[BlackElo "1786"]
[PlyCount "54"]
[EventDate "2011.??.??"]

1. e4 e6 2. d4 d5 3. exd5 exd5 4. Nf3 Nf6 5. Bg5 Be7 6. Bd3 O-O 7. O-O Re8 8.
Re1 Be6 9. c3 Nbd7 10. Qc2 Nf8 11. Nbd2 Qd6 12. Ne5 Nh5 13. Bxe7 Rxe7 14. Bf5
g6 15. Bxe6 Nxe6 16. Ndf3 Rae8 17. g3 Nf6 18. Re2 Kg7 19. Rae1 Ne4 20. Ng4 N6g5
21. Nxg5 Nxg5 22. Rxe7 Rxe7 23. Kg2 h5 24. Rxe7 Qxe7 25. Ne3 Qe4+ 26. Kg1 Nh3+
27. Kf1 Qh1+ 0-1

[Event "Schachfestival Senioren"]
[Site "Bad Woerishofen"]
[Date "2011.03.29"]
[Round "7.61"]
[White "Ludwig, Egbert"]
[Black "Sieghardt, Walter"]
[Result "0-1"]
[WhiteElo "1490"]
[BlackElo "1677"]
[PlyCount "72"]
[EventDate "2011.??.??"]

1. d4 d5 2. Nf3 e6 3. c4 b6 4. g3 Bb7 5. Bg2 Bd6 6. O-O Ne7 7. b3 Ng6 8. Bb2 c6
9. Nbd2 Nd7 10. Qc2 O-O 11. e4 dxe4 12. Nxe4 Be7 13. Rfe1 Qc7 14. Rad1 Rad8 15.
Qc1 h6 16. Ba3 Nf6 17. Bxe7 Qxe7 18. Nc3 Qc7 19. Qc2 Rd7 20. Rd2 Rfd8 21. Red1
Kf8 22. Ne4 Nxe4 23. Qxe4 c5 24. Qc2 cxd4 25. Rd3 e5 26. Nh4 Nxh4 27. gxh4 e4
28. R3d2 Qf4 29. Re1 f5 30. Rf1 Qxh4 31. f4 Qf6 32. Qb2 Qg6 33. Qa3+ Kg8 34.
Qxa7 e3 35. Re2 d3 36. Rxe3 Bxg2 0-1

[Event "Schachfestival Nestoren"]
[Site "Bad Woerishofen"]
[Date "2011.03.29"]
[Round "7.1"]
[White "Lainburg, Viktor"]
[Black "Meinhardt, Günter"]
[Result "1-0"]
[WhiteElo "2190"]
[BlackElo "1880"]
[PlyCount "61"]
[EventDate "2011.??.??"]

1. Nf3 Nf6 2. g3 e6 3. Bg2 d5 4. O-O c5 5. b3 Nc6 6. Bb2 Be7 7. d3 O-O 8. Nbd2
a6 9. e4 dxe4 10. dxe4 Qc7 11. a3 e5 12. Nc4 Bg4 13. h3 Rad8 14. Qe2 Bxf3 15.
Bxf3 Nd4 16. Bxd4 cxd4 17. a4 Nd7 18. a5 Bb4 19. Rfd1 Bc3 20. Ra2 Nc5 21. Nb6
d3 22. cxd3 Bd4 23. b4 Ne6 24. Nd5 Qb8 25. Bg4 Rfe8 26. Rc2 Ba7 27. Bxe6 fxe6
28. Ne3 Rf8 29. Rdc1 Bd4 30. Rc7 Qa7 31. Qg4 1-0

[Event "Schachfestival Nestoren"]
[Site "Bad Woerishofen"]
[Date "2011.03.29"]
[Round "7.3"]
[White "Erhart, Uwe"]
[Black "Schurig, Wilhelm"]
[Result "0-1"]
[WhiteElo "2085"]
[BlackElo "1993"]
[PlyCount "62"]
[EventDate "2011.??.??"]

1. e4 g6 2. d4 Bg7 3. Nc3 d6 4. f4 e6 5. Nf3 Ne7 6. Bd3 b6 7. O-O O-O 8. Qe2 c5
9. dxc5 bxc5 10. Be3 Nbc6 11. Nd1 Nd4 12. Qf2 Nxf3+ 13. Qxf3 Bb7 14. c3 Qc7 15.
c4 d5 16. exd5 exd5 17. Qf2 dxc4 18. Bxc4 Nf5 19. Kh1 Rfe8 20. Bxc5 Rac8 21.
Rc1 Nd6 22. Bxd6 Qxd6 23. b3 Ba6 24. Nc3 Bxc4 25. bxc4 Qd3 26. Nd5 Rxc4 27.
Rxc4 Qxc4 28. Rd1 Re2 29. Qxa7 Bd4 30. Qa8+ Kg7 31. Rf1 Rxa2 0-1

[Event "Schachfestival Nestoren"]
[Site "Bad Woerishofen"]
[Date "2011.03.29"]
[Round "7.6"]
[White "Möckel, Edgar"]
[Black "Zohr, Adelbert"]
[Result "0-1"]
[WhiteElo "1935"]
[BlackElo "1939"]
[PlyCount "66"]
[EventDate "2011.??.??"]

1. d4 d5 2. c4 c6 3. Nf3 Nf6 4. Nc3 e6 5. e3 Bd6 6. Bd3 O-O 7. e4 dxe4 8. Nxe4
Nxe4 9. Bxe4 Nd7 10. O-O h6 11. Bc2 c5 12. Be3 cxd4 13. Nxd4 Qe7 14. Re1 a6 15.
a3 Nf6 16. b4 Qc7 17. g3 Rd8 18. Qe2 b6 19. Rac1 Bb7 20. f3 Rac8 21. Qf2 Ba8
22. Nb3 Qb7 23. Rf1 Ng4 24. Qe2 Nxe3 25. Qxe3 Be7 26. Be4 Bg5 27. Qe2 Qc7 28.
Bxa8 Bxc1 29. Be4 Bxa3 30. c5 bxc5 31. Nxc5 Bxb4 32. Nxa6 Qb6+ 33. Kh1 Rd2 0-1

[Event "Schachfestival"]
[Site "Bad WÃ¶rishofen"]
[Date "2011.03.30"]
[Round "8.10"]
[White "Von Gleich, Alexander"]
[Black "Zude, Arno"]
[Result "1/2-1/2"]
[WhiteElo "2335"]
[BlackElo "2443"]
[PlyCount "61"]
[EventDate "2011.??.??"]

1. d4 Nf6 2. c4 e6 3. Nf3 Bb4+ 4. Bd2 Qe7 5. g3 Nc6 6. Nc3 Bxc3 7. Bxc3 Ne4 8.
Rc1 O-O 9. Bg2 d6 10. d5 Nxc3 11. Rxc3 Nb8 12. dxe6 fxe6 13. Nd4 c6 14. O-O Nd7
15. Qd2 Nf6 16. e4 e5 17. Nc2 Be6 18. b3 Rad8 19. Rd3 Rd7 20. Rd1 Rfd8 21. Ne3
Ng4 22. Bh3 Nxe3 23. Bxe6+ Qxe6 24. Qxe3 b6 25. Kg2 d5 26. exd5 cxd5 27. cxd5
Rxd5 28. Rxd5 Rxd5 29. Re1 h6 30. Qe4 Rd2 31. Re2 1/2-1/2

[Event "Schachfestival"]
[Site "Bad WÃ¶rishofen"]
[Date "2011.03.30"]
[Round "8.35"]
[White "Mader, Manuela"]
[Black "Fiedler, Wolfgang"]
[Result "1-0"]
[WhiteElo "2176"]
[BlackElo "2070"]
[PlyCount "35"]
[EventDate "2011.??.??"]

1. e4 g6 2. d4 Bg7 3. Nc3 d6 4. Nf3 b6 5. Bf4 c6 6. Qd2 Ba6 7. O-O-O Bxf1 8.
Rhxf1 Na6 9. d5 c5 10. e5 g5 11. Bxg5 dxe5 12. Qe2 f6 13. Qxa6 fxg5 14. Nxg5
Bh6 15. f4 exf4 16. Ne6 Qd7 17. Kb1 Nf6 18. Qe2 1-0

[Event "Schachfestival"]
[Site "Bad WÃ¶rishofen"]
[Date "2011.03.30"]
[Round "8.40"]
[White "Hornung, Hans"]
[Black "Guggenberger, Guido"]
[Result "1-0"]
[WhiteElo "2138"]
[BlackElo "2025"]
[PlyCount "35"]
[EventDate "2011.??.??"]

1. Nf3 g6 2. c4 Bg7 3. d4 d6 4. Nc3 Nc6 5. d5 Ne5 6. Nd4 c5 7. Nf3 Nxf3+ 8.
exf3 Nf6 9. Bd3 O-O 10. O-O a6 11. Bg5 h6 12. Bf4 Bd7 13. Qd2 Kh7 14. Rfe1 Nh5
15. Be3 e5 16. dxe6 fxe6 17. Rad1 Qe7 18. Be4 1-0

[Event "Schachfestival"]
[Site "Bad WÃ¶rishofen"]
[Date "2011.03.30"]
[Round "8.68"]
[White "Santos, Paulo"]
[Black "Mack, Thomas"]
[Result "0-1"]
[WhiteElo "1873"]
[BlackElo "2040"]
[PlyCount "42"]
[EventDate "2011.??.??"]

1. e4 d5 2. exd5 Nf6 3. Nc3 Nxd5 4. d4 Bf5 5. Nf3 Nb4 6. Bb5+ N8c6 7. Ba4 e6 8.
O-O Be7 9. Re1 O-O 10. Bb3 Bf6 11. Be3 Qd7 12. a3 Nd5 13. Nxd5 exd5 14. Qd2 Be4
15. Ng5 Bxg5 16. Bxg5 Qg4 17. f3 Bxf3 18. h3 Qxd4+ 19. Qxd4 Nxd4 20. Re7 Be4
21. Rxc7 Ne6 0-1

[Event "Schachfestival"]
[Site "Bad WÃ¶rishofen"]
[Date "2011.03.30"]
[Round "8.89"]
[White "Wiesbeck, Florian"]
[Black "Gajewski, Richard"]
[Result "1-0"]
[WhiteElo "1934"]
[BlackElo "1711"]
[PlyCount "69"]
[EventDate "2011.??.??"]

1. d4 f5 2. e4 fxe4 3. Nc3 Nf6 4. Bg5 d5 5. Bxf6 exf6 6. Qh5+ g6 7. Qxd5 Qxd5
8. Nxd5 Kd8 9. Nxf6 Bf5 10. Be2 Bg7 11. Ng4 Ke7 12. c3 c6 13. Ne3 Nd7 14. Bc4
b5 15. Bb3 a5 16. Ne2 a4 17. Bc2 Nf6 18. Ng3 Ke6 19. O-O h5 20. Rfe1 h4 21.
Ngxf5 gxf5 22. f3 Bh6 23. fxe4 fxe4 24. Re2 Bxe3+ 25. Rxe3 Kd5 26. Rf1 Rh6 27.
Bxe4+ Nxe4 28. Rf5+ Kc4 29. Rxe4 Kd3 30. Ree5 a3 31. Rf3+ Kd2 32. b3 Rg8 33.
Kf1 Rhg6 34. Re2+ Kd1 35. Rff2 1-0

[Event "Schachfestival"]
[Site "Bad WÃ¶rishofen"]
[Date "2011.03.30"]
[Round "8.94"]
[White "Titz, Waldemar"]
[Black "Lang, Ludwig"]
[Result "1-0"]
[WhiteElo "1783"]
[BlackElo "1443"]
[PlyCount "49"]
[EventDate "2011.??.??"]

1. e4 e5 2. Nf3 Nc6 3. d4 exd4 4. Nxd4 Be7 5. Be3 d5 6. exd5 Qxd5 7. Nc3 Qd8 8.
a3 a6 9. Be2 Nf6 10. O-O O-O 11. Bf3 Ne5 12. Be2 c5 13. Nf3 Qxd1 14. Raxd1
Nxf3+ 15. Bxf3 Rb8 16. Bf4 Ra8 17. h3 Ra7 18. Rfe1 Bd8 19. Bd6 Re8 20. Rxe8+
Nxe8 21. Bxc5 b6 22. Rxd8 h6 23. Rxe8+ Kh7 24. Bxb6 Ra8 25. Bxa8 1-0